000 01045nam a22003257a 4500
001 61
003 FISKH
005 20230321135603.0
008 230221b cb ||||| |||| 00| 0 eng d
010 _a 2009047775
020 _a9781402769115
040 _aDLC
_cDLC
_dDLC
_dFISKH
_beng
042 _alcac
050 0 0 _aPZ8.C293
_bRap 2010
082 0 0 _a398.20943/02
_222
100 1 _aCech, John.
245 1 0 _aRapunzel /
_cretold by John Cech ; illustrated by Fiona Sansom.
260 _aToronto
_bSterling,
_cc2010.
300 _a1 v. (unpaged) :
_bcol. ill. ;
_c28 cm.
490 0 _aThe classic fairy tale collection
505 _aK
520 _aA retelling of a folktale in which a beautiful girl with long golden hair is kept imprisoned in a lonely tower by a witch. Includes a note on the origins of the story.
521 8 _a600
_bLexile
521 8 _aK
_bRaz-Plus
650 1 _aFairy tales.
650 1 _aFolklore.
700 1 _aSansom, Fiona,
_eill.
906 _a7
_bcbc
_corignew
_d1
_eecip
_f20
_gy-gencatlg
942 _2ddc
_cBK
_n0
999 _c61
_d61